| 000 | 004610000a22001810004500 | ||
|---|---|---|---|
| 001 | 002145 | ||
| 003 | MACL | ||
| 005 | 20150704154600.0 | ||
| 008 | 150704b xxu||||| |||| 00| 0 eng d | ||
| 040 |
_aMACL _cMACL |
||
| 041 | _aEnglish | ||
| 100 |
_aAndal, N _9659 |
||
| 245 |
_aWomen And Indian Society _bOptions And Constraints _cN Andal |
||
| 260 |
_aNew Delhi _c2002 _bRawat Publications, |
||
| 350 | _a550 | ||
| 650 |
_aSociology _919 |
||
| 942 |
_k301 _cBK _2ddc |
||
| 999 |
_c14061 _d14061 |
||